000
00316nam a22001457a 4500
003
SGT
082
_a
612.015
_b
D13S
100
_a
SHARMA,PRIYAVRUT
245
_a
DRAVYAGUNA VIGYAN
250
_a
1ST
260
_a
VARANASI
_b
CHAUKHAMBHA PUB
_c
2013
300
_a
873
650
_a
DRAVYAGUNA VIGYAN
942
_2
ddc
_c
BK
_0
10
999
_c
8724
_d
8724